Leeds Squad 2026 - Statistics

General Stats
  • This quiz has been taken 13 times
  • The average score is 17 of 23
Answer Stats
Nation Age Position Answer % Correct
USA 25 CAM Brenden Aaronson
100%
Italy 22 RW Wilfried Gnonto
100%
Wales 28 RW Daniel James
91%
Englanf 28 ST Dominic Calvert-Lewin
91%
France 25 GK Illan Meslier
91%
Germany 27 ST Lukas Nmecha
91%
Japan 27 CM Ao Tanaka
82%
Wales 25 CDM Ethan Ampadu
82%
England 29 LW Jack Harrison
82%
Slovenia 26 CB Jaka Bijol
82%
Wales 28 CB Joe Rodon
82%
Germany 27 CDM Anton Stach
73%
England 27 RB James Justin
73%
Brazil 28 GK Lucas Perri
73%
Switzerland 25 LW Noah Okafor
73%
Sweden 26 LB Gabriel Gudmundsson
64%
Bulgaria 25 CDM Ilia Gruev
64%
England 25 RB Jayden Bogle
64%
Suriname 26 ST Joel Piroe
64%
Netherlands 26 CB Pascal Struijk
64%
Belgium 26 CB Sebastiaan Bornauw
64%
Wales 35 GK Karl Darlow
55%
England 28 CM Sean Longstaff
45%
No matching quizzes found
Score Distribution
Percent of People with Each Score
Percentile by Number Answered
Your Score History
You have not taken this quiz